000
00303nam a22001337a 4500
008
170608b xxu||||| |||| 00| 0 eng d
020
_a
9780618870783
041
_a
eng
080
_a
32
100
_a
18
101
_a
SHP
245
_a
EUROPENA POLITICS IN TRANSITION
_c
KESSELMAN.M
942
_2
udc
_c
BK
999
_c
16420
_d
16420